00532nam a2200193 a 4500001001300000003000900013005001700022008004100039020001000080082001500090100002100105245006700126260003900193300000900232500003500241505001000276650003100286700002100317nice12345678IN_TiNIC20260116011901.0050524s1955 duba grp 000 0 eng  ac10000a235.2bCOL aCollins, Michael aFather of the Little Flowerb Saint Theresa of the Child Jesus aDublinbM H Gill and Son Ltdc1955 a153p aincludes index and biblioraphy2 aIndex aChristian Saints-Biography1 aCollins, Michael